Statistics for U.S. Presidents Who Did Not Take Office on Inauguration Day

Click here to take the quiz!

General Stats

  • This quiz has been taken 18 times
  • The average score is 7 of 10

Answer Stats

Day Sworn InAnswer% Correct
April 30George Washington
100%
November 22Lyndon B. Johnson
88%
April 15Andrew Johnson
81%
August 9Gerald Ford
81%
April 12Harry Truman
81%
September 14Theodore Roosevelt
69%
April 4John Tyler
63%
August 2Calvin Coolidge
56%
July 9Millard Fillmore
50%
September 19Chester Arthur
44%

Score Distribution

Percentile by Number Answered

Percent of People with Each Score

Your Score History

You have not taken this quiz